<?xml version="1.0" encoding="UTF-8"?>
<record
    xmlns:xsi="http://www.w3.org/2001/XMLSchema-instance"
    xsi:schemaLocation="http://www.loc.gov/MARC21/slim http://www.loc.gov/standards/marcxml/schema/MARC21slim.xsd"
    xmlns="http://www.loc.gov/MARC21/slim">

  <leader>00803nam a22002177a 4500</leader>
  <controlfield tag="005">20180528102947.0</controlfield>
  <datafield tag="010" ind1=" " ind2=" ">
    <subfield code="a">ENG-123110    </subfield>
  </datafield>
  <datafield tag="020" ind1=" " ind2=" ">
    <subfield code="a">9789385152580</subfield>
    <subfield code="c">1499.00</subfield>
  </datafield>
  <datafield tag="035" ind1=" " ind2=" ">
    <subfield code="a">B-683064-3076</subfield>
  </datafield>
  <datafield tag="035" ind1=" " ind2=" ">
    <subfield code="a">EN-106642</subfield>
  </datafield>
  <datafield tag="037" ind1=" " ind2=" ">
    <subfield code="b">Aakar </subfield>
    <subfield code="a">dpl</subfield>
  </datafield>
  <datafield tag="037" ind1=" " ind2=" ">
    <subfield code="b">DBAD/PUB</subfield>
  </datafield>
  <datafield tag="082" ind1=" " ind2=" ">
    <subfield code="a">613.7046</subfield>
  </datafield>
  <datafield tag="100" ind1=" " ind2=" ">
    <subfield code="a">Iyengar, BKS </subfield>
  </datafield>
  <datafield tag="245" ind1=" " ind2=" ">
    <subfield code="a">Yoga for sports : </subfield>
    <subfield code="c">by BKS Iyengar </subfield>
    <subfield code="b">a journey  towards health  and healing / </subfield>
  </datafield>
  <datafield tag="260" ind1=" " ind2=" ">
    <subfield code="a">New Delhi</subfield>
    <subfield code="b">Westlnd </subfield>
    <subfield code="c">2015</subfield>
  </datafield>
  <datafield tag="270" ind1=" " ind2=" ">
    <subfield code="a">93, I Floor, Sham Lal Road, Daryaganj, </subfield>
    <subfield code="b">New Delhi</subfield>
    <subfield code="e">110002</subfield>
  </datafield>
  <datafield tag="300" ind1="v" ind2=" ">
    <subfield code="a">xi,308p.</subfield>
    <subfield code="c">27cm(Hb)</subfield>
  </datafield>
  <datafield tag="942" ind1=" " ind2=" ">
    <subfield code="2">ddc</subfield>
    <subfield code="c">EN</subfield>
    <subfield code="m">IYE</subfield>
    <subfield code="h">613.7046</subfield>
  </datafield>
  <datafield tag="999" ind1=" " ind2=" ">
    <subfield code="c">145398</subfield>
    <subfield code="d">145398</subfield>
  </datafield>
  <datafield tag="952" ind1=" " ind2=" ">
    <subfield code="0">0</subfield>
    <subfield code="1">0</subfield>
    <subfield code="4">0</subfield>
    <subfield code="7">0</subfield>
    <subfield code="8">NFIC</subfield>
    <subfield code="a">L</subfield>
    <subfield code="b">L</subfield>
    <subfield code="d">2018-01-08</subfield>
    <subfield code="e">Aakar/I-2013/30.11.17/BPPD/EN/2017-18/631/20.11.17/14.12.2017</subfield>
    <subfield code="g">1499.00</subfield>
    <subfield code="l">12</subfield>
    <subfield code="m">4</subfield>
    <subfield code="o">613.7046 IYE</subfield>
    <subfield code="p">B-683064</subfield>
    <subfield code="r">2022-02-01 00:00:00</subfield>
    <subfield code="s">2022-01-07</subfield>
    <subfield code="t">1</subfield>
    <subfield code="v">1499.00</subfield>
    <subfield code="y">EN</subfield>
  </datafield>
  <datafield tag="952" ind1=" " ind2=" ">
    <subfield code="0">0</subfield>
    <subfield code="1">0</subfield>
    <subfield code="4">0</subfield>
    <subfield code="7">0</subfield>
    <subfield code="8">NFIC</subfield>
    <subfield code="a">M</subfield>
    <subfield code="b">M</subfield>
    <subfield code="d">2018-01-08</subfield>
    <subfield code="e">Aakar/I-2013/30.11.17/BPPD/EN/2017-18/631/20.11.17/14.12.2017</subfield>
    <subfield code="g">1499.00</subfield>
    <subfield code="l">0</subfield>
    <subfield code="o">613.7046 IYE</subfield>
    <subfield code="p">B-683065</subfield>
    <subfield code="r">2018-01-08 00:00:00</subfield>
    <subfield code="t">1</subfield>
    <subfield code="v">1499.00</subfield>
    <subfield code="y">EN</subfield>
  </datafield>
  <datafield tag="952" ind1=" " ind2=" ">
    <subfield code="0">0</subfield>
    <subfield code="1">0</subfield>
    <subfield code="4">0</subfield>
    <subfield code="7">0</subfield>
    <subfield code="8">NFIC</subfield>
    <subfield code="a">NPL</subfield>
    <subfield code="b">NPL</subfield>
    <subfield code="d">2018-01-08</subfield>
    <subfield code="e">Aakar/I-2013/30.11.17/BPPD/EN/2017-18/631/20.11.17/14.12.2017</subfield>
    <subfield code="g">1499.00</subfield>
    <subfield code="l">0</subfield>
    <subfield code="o">613.7046 IYE</subfield>
    <subfield code="p">B-683066</subfield>
    <subfield code="r">2018-01-08 00:00:00</subfield>
    <subfield code="t">1</subfield>
    <subfield code="v">1499.00</subfield>
    <subfield code="y">EN</subfield>
  </datafield>
  <datafield tag="952" ind1=" " ind2=" ">
    <subfield code="0">0</subfield>
    <subfield code="1">0</subfield>
    <subfield code="4">0</subfield>
    <subfield code="7">0</subfield>
    <subfield code="8">NFIC</subfield>
    <subfield code="a">AV</subfield>
    <subfield code="b">AV</subfield>
    <subfield code="d">2018-01-08</subfield>
    <subfield code="e">Aakar/I-2013/30.11.17/BPPD/EN/2017-18/631/20.11.17/14.12.2017</subfield>
    <subfield code="g">1499.00</subfield>
    <subfield code="l">0</subfield>
    <subfield code="o">613.7046 IYE</subfield>
    <subfield code="p">B-683067</subfield>
    <subfield code="r">2018-01-08 00:00:00</subfield>
    <subfield code="t">1</subfield>
    <subfield code="v">1499.00</subfield>
    <subfield code="y">EN</subfield>
  </datafield>
  <datafield tag="952" ind1=" " ind2=" ">
    <subfield code="0">0</subfield>
    <subfield code="1">0</subfield>
    <subfield code="4">0</subfield>
    <subfield code="7">0</subfield>
    <subfield code="8">NFIC</subfield>
    <subfield code="a">BL1</subfield>
    <subfield code="b">BL1</subfield>
    <subfield code="d">2018-01-08</subfield>
    <subfield code="e">Aakar/I-2013/30.11.17/BPPD/EN/2017-18/631/20.11.17/14.12.2017</subfield>
    <subfield code="g">1499.00</subfield>
    <subfield code="l">5</subfield>
    <subfield code="m">1</subfield>
    <subfield code="o">613.7046 IYE</subfield>
    <subfield code="p">B-683068</subfield>
    <subfield code="r">2020-03-13 00:00:00</subfield>
    <subfield code="s">2020-02-28</subfield>
    <subfield code="t">1</subfield>
    <subfield code="v">1499.00</subfield>
    <subfield code="y">EN</subfield>
  </datafield>
  <datafield tag="952" ind1=" " ind2=" ">
    <subfield code="0">0</subfield>
    <subfield code="1">0</subfield>
    <subfield code="4">0</subfield>
    <subfield code="7">0</subfield>
    <subfield code="8">NFIC</subfield>
    <subfield code="a">KGM</subfield>
    <subfield code="b">KGM</subfield>
    <subfield code="d">2018-01-08</subfield>
    <subfield code="e">Aakar/I-2013/30.11.17/BPPD/EN/2017-18/631/20.11.17/14.12.2017</subfield>
    <subfield code="g">1499.00</subfield>
    <subfield code="l">0</subfield>
    <subfield code="o">613.7046 IYE</subfield>
    <subfield code="p">B-683069</subfield>
    <subfield code="r">2018-01-08 00:00:00</subfield>
    <subfield code="t">1</subfield>
    <subfield code="v">1499.00</subfield>
    <subfield code="y">EN</subfield>
  </datafield>
  <datafield tag="952" ind1=" " ind2=" ">
    <subfield code="0">0</subfield>
    <subfield code="1">0</subfield>
    <subfield code="4">0</subfield>
    <subfield code="7">0</subfield>
    <subfield code="8">NFIC</subfield>
    <subfield code="a">PR</subfield>
    <subfield code="b">PR</subfield>
    <subfield code="d">2018-01-08</subfield>
    <subfield code="e">Aakar/I-2013/30.11.17/BPPD/EN/2017-18/631/20.11.17/14.12.2017</subfield>
    <subfield code="g">1499.00</subfield>
    <subfield code="l">2</subfield>
    <subfield code="o">613.7046 IYE</subfield>
    <subfield code="p">B-683070</subfield>
    <subfield code="r">2021-03-06 00:00:00</subfield>
    <subfield code="s">2021-02-23</subfield>
    <subfield code="t">1</subfield>
    <subfield code="v">1499.00</subfield>
    <subfield code="y">EN</subfield>
  </datafield>
  <datafield tag="952" ind1=" " ind2=" ">
    <subfield code="0">0</subfield>
    <subfield code="1">0</subfield>
    <subfield code="4">0</subfield>
    <subfield code="7">0</subfield>
    <subfield code="8">NFIC</subfield>
    <subfield code="a">JP</subfield>
    <subfield code="b">JP</subfield>
    <subfield code="d">2018-01-08</subfield>
    <subfield code="e">Aakar/I-2013/30.11.17/BPPD/EN/2017-18/631/20.11.17/14.12.2017</subfield>
    <subfield code="g">1499.00</subfield>
    <subfield code="l">2</subfield>
    <subfield code="o">613.7046 IYE</subfield>
    <subfield code="p">B-683071</subfield>
    <subfield code="r">2020-01-18 00:00:00</subfield>
    <subfield code="s">2020-01-04</subfield>
    <subfield code="t">1</subfield>
    <subfield code="v">1499.00</subfield>
    <subfield code="y">EN</subfield>
  </datafield>
  <datafield tag="952" ind1=" " ind2=" ">
    <subfield code="0">0</subfield>
    <subfield code="1">0</subfield>
    <subfield code="4">0</subfield>
    <subfield code="7">0</subfield>
    <subfield code="8">NFIC</subfield>
    <subfield code="a">ZLS</subfield>
    <subfield code="b">ZLS</subfield>
    <subfield code="d">2018-01-08</subfield>
    <subfield code="e">Aakar/I-2013/30.11.17/BPPD/EN/2017-18/631/20.11.17/14.12.2017</subfield>
    <subfield code="g">1499.00</subfield>
    <subfield code="l">16</subfield>
    <subfield code="m">21</subfield>
    <subfield code="o">613.7046 IYE</subfield>
    <subfield code="p">B-683072</subfield>
    <subfield code="r">2024-02-14 00:00:00</subfield>
    <subfield code="s">2024-01-18</subfield>
    <subfield code="t">1</subfield>
    <subfield code="v">1499.00</subfield>
    <subfield code="y">EN</subfield>
  </datafield>
  <datafield tag="952" ind1=" " ind2=" ">
    <subfield code="0">0</subfield>
    <subfield code="1">0</subfield>
    <subfield code="4">0</subfield>
    <subfield code="7">0</subfield>
    <subfield code="8">NFIC</subfield>
    <subfield code="a">NR</subfield>
    <subfield code="b">NR</subfield>
    <subfield code="d">2018-01-08</subfield>
    <subfield code="e">Aakar/I-2013/30.11.17/BPPD/EN/2017-18/631/20.11.17/14.12.2017</subfield>
    <subfield code="g">1499.00</subfield>
    <subfield code="l">0</subfield>
    <subfield code="o">613.7046 IYE</subfield>
    <subfield code="p">B-683073</subfield>
    <subfield code="r">2018-01-08 00:00:00</subfield>
    <subfield code="t">1</subfield>
    <subfield code="v">1499.00</subfield>
    <subfield code="y">EN</subfield>
  </datafield>
  <datafield tag="952" ind1=" " ind2=" ">
    <subfield code="0">0</subfield>
    <subfield code="1">0</subfield>
    <subfield code="4">0</subfield>
    <subfield code="7">0</subfield>
    <subfield code="8">NFIC</subfield>
    <subfield code="a">BN</subfield>
    <subfield code="b">BN</subfield>
    <subfield code="d">2018-01-08</subfield>
    <subfield code="e">Aakar/I-2013/30.11.17/BPPD/EN/2017-18/631/20.11.17/14.12.2017</subfield>
    <subfield code="g">1499.00</subfield>
    <subfield code="l">2</subfield>
    <subfield code="m">0</subfield>
    <subfield code="o">613.7046 IYE</subfield>
    <subfield code="p">B-683074</subfield>
    <subfield code="r">2022-07-26 00:00:00</subfield>
    <subfield code="s">2022-07-08</subfield>
    <subfield code="t">1</subfield>
    <subfield code="v">1499.00</subfield>
    <subfield code="y">EN</subfield>
  </datafield>
  <datafield tag="952" ind1=" " ind2=" ">
    <subfield code="0">0</subfield>
    <subfield code="1">0</subfield>
    <subfield code="4">0</subfield>
    <subfield code="7">0</subfield>
    <subfield code="8">NFIC</subfield>
    <subfield code="a">BL4</subfield>
    <subfield code="b">BL4</subfield>
    <subfield code="d">2018-01-08</subfield>
    <subfield code="e">Aakar/I-2013/30.11.17/BPPD/EN/2017-18/631/20.11.17/14.12.2017</subfield>
    <subfield code="g">1499.00</subfield>
    <subfield code="l">5</subfield>
    <subfield code="m">2</subfield>
    <subfield code="o">613.7046 IYE</subfield>
    <subfield code="p">B-683075</subfield>
    <subfield code="r">2021-06-08 00:00:00</subfield>
    <subfield code="s">2021-04-19</subfield>
    <subfield code="t">1</subfield>
    <subfield code="v">1499.00</subfield>
    <subfield code="y">EN</subfield>
  </datafield>
  <datafield tag="952" ind1=" " ind2=" ">
    <subfield code="0">0</subfield>
    <subfield code="1">0</subfield>
    <subfield code="4">0</subfield>
    <subfield code="7">0</subfield>
    <subfield code="8">NFIC</subfield>
    <subfield code="a">VV</subfield>
    <subfield code="b">VV</subfield>
    <subfield code="d">2018-01-08</subfield>
    <subfield code="e">Aakar/I-2013/30.11.17/BPPD/EN/2017-18/631/20.11.17/14.12.2017</subfield>
    <subfield code="g">1499.00</subfield>
    <subfield code="l">0</subfield>
    <subfield code="o">613.7046 IYE</subfield>
    <subfield code="p">B-683076</subfield>
    <subfield code="r">2018-01-08 00:00:00</subfield>
    <subfield code="t">1</subfield>
    <subfield code="v">1499.00</subfield>
    <subfield code="y">EN</subfield>
  </datafield>
  <datafield tag="952" ind1=" " ind2=" ">
    <subfield code="0">0</subfield>
    <subfield code="1">0</subfield>
    <subfield code="4">0</subfield>
    <subfield code="7">1</subfield>
    <subfield code="8">NFIC</subfield>
    <subfield code="a">DBAD</subfield>
    <subfield code="b">BL1</subfield>
    <subfield code="d">2018-05-28</subfield>
    <subfield code="e">DBAD/PUB</subfield>
    <subfield code="g">1499.00</subfield>
    <subfield code="l">0</subfield>
    <subfield code="o">613.7046 IYE</subfield>
    <subfield code="p">EN-106642</subfield>
    <subfield code="r">2018-05-28 00:00:00</subfield>
    <subfield code="t">1</subfield>
    <subfield code="v">1499.00</subfield>
    <subfield code="y">EN</subfield>
  </datafield>
</record>
